000 01018nam0a2200301 4500
001 RU\NLR\ONL2\20147
005 20260329043939.0
035 _a(NLR Aleph) 009667732
090 _a13642883
_c13642883
100 _a20110314d1956 u y0rusy50 ca
101 0 _aaze
102 _aAZ
105 _ay |||||||||
200 1 _aСавалан әтәjиндә
_fФируз Дадрәс
210 _aБакы
_cАзэрнэшр
_d1956
215 _a92 с.
_d17
300 _aНа обл. авт.: Ф. Дадрәс (Садыгов), на обороте тит. л. авт.: Фируз (Дадрес) Садыг оглы Садыгов
541 1 _6z01790
_aУ подножия Савалана
_zrus
686 1 _aШ6(2=Аз)7-4
700 1 _aДадрәс
_bФ.
_gФируз
_4070
790 1 _6z01541
_aДадрас
_bФ.
_gФируз
_4070
801 0 _aRU
_bNLR
_c20110328
_gPSBO
852 _aNLR
_bОНЛ
_jАзерб./2-8529
942 _cBOOK
980 _aONL_RF
980 _aNB